000
00324nam a2200133Ia 4500
008
220204s9999 xx 000 0 und d
082
_a
347.7
_b
SHU;1
100
_a
GULSHAN, S S
245
0
_a
Principles of company law
260
_a
Ramnagar
_b
S Chand
_c
1973
650
_a
Company law
700
_a
SHUKLA, M C
942
_c
BK
999
_c
23436
_d
23436